00588nam a2200205 a 4500001001300000003000900013005001700022008004100039020002300080082001900103100002200122245008100144260003200225300000900257500003500266505001000301650002800311650002100339700002200360nice12345678IN_TiNIC20260116013120.0050524s1983 lona grp 000 0 eng  a0700759 c36000a330.10297bDOB aDobbin, Christine aIslamic Revivalism in a Changing Peasant Economyb Central Sumatra, 1784-184 aLondonbCurzon Press c1983 a300p aincludes index and biblioraphy2 aIndex aIslam-Indonesia-samatra aIslam-Revelation1 aDobbin, Christine